000 01008nam a2200193 4500
999 _c3704
_d3704
020 _a9788120312234
050 _aHG4651
_b.H68
100 _astaff of New York Institute of Finance.
245 _aHow the bond market works
_cstaff of New York Institute of Finance.
250 _aEastern economy edition
260 _aNew Delhi
_bPrentice Hall
_c1988
300 _ax, 278p;
_bill;
_c23cm
500 _aIncludes index.
505 _aIntroduction ix Chapter 1 Riding the yield curve 1 Chapter 2 The fixed-Income marketplace 23 Chapter 3 The fed 31 Chapter 4 The U.S. Government securities market treasuries 52 Chapter 5 The U. S. Government securities market agency and mortgage-backed securities 68 Chapter 6 Inside a primary dealer 95 Chapter 7 Municipal debt 130 Chapter 8 Corporate bonds 157 Chapter 9 The secondary market 181 Glossary 201 Index 269
650 _aBonds.
650 _aGovernment securities
650 _aBond market
942 _cBK